String Quartet op.76, op.77 e op.103 (Record n. 102256)

Dettagli MARC
000 -LEADER
fixed length control field 01410njm a2200277Ia 4500
001 - CONTROL NUMBER
control field E1222
003 - CONTROL NUMBER IDENTIFIER
control field IT-RoPAU
005 - DATE AND TIME OF LATEST TRANSACTION
control field 20220918181152.0
008 - FIXED-LENGTH DATA ELEMENTS--GENERAL INFORMATION
fixed length control field 131025s9999 xx 000 0 und d
040 ## - CATALOGING SOURCE
Original cataloging agency IT-RoPAU
040 ## - CATALOGING SOURCE
Transcribing agency IT-RoPAU
999 ## - SYSTEM CONTROL NUMBERS (KOHA)
Koha Dewey Subclass [OBSOLETE] n.d.
100 ## - MAIN ENTRY--PERSONAL NAME
Personal name Haydn Franz Joseph
9 (RLIN) 31335
100 ## - MAIN ENTRY--PERSONAL NAME
Relator term Autore musica
9 (RLIN) 31336
100 ## - MAIN ENTRY--PERSONAL NAME
Miscellaneous information Codice autore musica SPICS: 5572
9 (RLIN) 31337
245 ## - TITLE STATEMENT
Title String Quartet op.76, op.77 e op.103
250 ## - EDITION STATEMENT
Edition statement 1a ed.
260 ## - PUBLICATION, DISTRIBUTION, ETC. (IMPRINT)
Place of publication, distribution, etc. LONDON
260 ## - PUBLICATION, DISTRIBUTION, ETC. (IMPRINT)
Name of publisher, distributor, etc. DECCA RECORD COMPANY
Date of publication, distribution, etc. 1974 [1a Ed.:1974 - Ed. Lingua Orig.: 1799]
300 ## - PHYSICAL DESCRIPTION
Extent DISCO
500 ## - GENERAL NOTE
General note Musica classica.
505 ## - FORMATTED CONTENTS NOTE
Formatted contents note String Quartet in g major op. 76 n. 1 (Quartetto per archi in sol mag) - String Quartet in d minor op. 76 n. 2 (Quartetto per archi in re min) - String Quartet in c major op. 76 n. 3 (Quartetto per archi in do min) - String Quartet in b flat major op. 76 n. 4 (Quartetto in si bem mag) - String Quartet in d major op. 76 n. 5 (Quartetto per archi in re mag) - String Quartet in b flat major op. 103 (Quartetto in si bem mag) - String Quartet in e flat major op. 76 n. 6 (Quartetto in mi bem mag) - String Quartet in g major op. 77 n. 1 (Quartetto per archi in sol mag) - String Quartet in f major op. 77 n. 2 (Quartetto per archi in fa mag).
511 ## - PARTICIPANT OR PERFORMER NOTE
Participant or performer note Aeolian String Quartet
650 ## - SUBJECT ADDED ENTRY--TOPICAL TERM
Topical term or geographic name as entry element CLASSICA [DISCHI]
Relator term Codice MATERIA SPICS: 9950
9 (RLIN) 1157
942 ## - ADDED ENTRY ELEMENTS (KOHA)
Koha item type DISCHI
Source of classification or shelving scheme Dewey Decimal Classification
Dati di copia
Withdrawn status Lost status Damaged status Not for loan Home library Current library Date acquired Total Checkouts Full call number Date last seen Price effective from Koha item type Public note
    Buone Condizioni Not For Loan SPICS-MEDIATECA SPICS-MEDIATECA 25/10/2013   E1222 25/10/2013 25/10/2013 DISCHI Progr. Ins.: 2282 / N.Vol.: 4 / Copie: 1 - Copia rara: n.d. / date import: 01.01.2014 - By Epidotti, Trombetti, Vaglietti
CREDITS: SOCIETA' SAN PAOLO Via A.Severo, 58 - ROMA (RM) & PERIODICI SAN PAOLO SRL Via Giotto, 36 MILANO & CISF Via Giotto, 36 MILANO & EDIZIONI SAN PAOLO SRL,  Piazza Soncino, 5 CINISELLO BALSAMO (MI) -- ITALY